| 000 | 00545nam a2200217Ia 4500 | ||
|---|---|---|---|
| 003 | 0100 | ||
| 008 | 130303s9999 xx 000 0 und d | ||
| 020 | _a0198245300 | ||
| 040 | _cARRUPELIB | ||
| 050 | _aB2928.E5M54 1977 | ||
| 100 | _aHegel, George Wilhelm Freidrich | ||
| 245 | _aPhenomenology of spirit = Phnomenologie des Geistes. English | ||
| 260 | _aOxford | ||
| 260 | _bClarendon Press | ||
| 260 | _C1977 | ||
| 300 | _axxxv | ||
| 300 | _b 595p. 22cm. | ||
| 650 | _aPHILOSOPHY | ||
| 700 | _aMiller, A.V. (tr.) | ||
| 942 | 0 | 0 | _01 |
| 999 |
_c15538 _d15538 |
||